Improving Earthquake and Cyclone Resistance of Structures (Record no. 5751)

MARC details
000 -LEADER
fixed length control field 00331nam a2200121Ia 4500
008 - FIXED-LENGTH DATA ELEMENTS--GENERAL INFORMATION
fixed length control field 191201s2011 xx 000 0 und d
100 ## - MAIN ENTRY--PERSONAL NAME
Personal name DUTTA,Sekhar Chandra
245 #0 - TITLE STATEMENT
Title Improving Earthquake and Cyclone Resistance of Structures
260 ## - PUBLICATION, DISTRIBUTION, ETC. (IMPRINT)
Place of publication, distribution, etc N. Delhi
Name of publisher, distributor, etc Teri Press
Date of publication, distribution, etc 2011
300 ## - PHYSICAL DESCRIPTION
Extent 304
650 ## - SUBJECT ADDED ENTRY--TOPICAL TERM
Topical term or geographic name as entry element B.Tech(CE)
942 ## - ADDED ENTRY ELEMENTS (KOHA)
Source of classification or shelving scheme Dewey Decimal Classification
Koha item type Text Books
Holdings
Withdrawn status Lost status Source of classification or shelving scheme Damaged status Not for loan Collection code Home library Current library Date acquired Source of acquisition Cost, normal purchase price Bill Number Total Checkouts Full call number Acc. no. / Barcode Date last seen Date last borrowed Bill Date Koha item type
    Dewey Decimal Classification     B.Tech(CE) PIET C-LIBRARY PIET C-LIBRARY 01/06/2013 IBH, New Delhi 995.00 2081 1 624.1762 DUI 22604 22/06/2023 19/06/2023 27/05/2013 Text Books
    Dewey Decimal Classification     B.Tech(CE) PIET C-LIBRARY PIET C-LIBRARY 01/06/2013 IBH, New Delhi 995.00 2081   624.1762 DUI 22605 04/12/2019   27/05/2013 Text Books
    Dewey Decimal Classification     B.Tech(CE) PIET C-LIBRARY PIET C-LIBRARY 01/06/2013 IBH, New Delhi 995.00 2081 1 624.1762 DUI 22606 13/03/2024 13/03/2024 27/05/2013 Text Books
    Dewey Decimal Classification     B.Tech(CE) PIET C-LIBRARY PIET C-LIBRARY 01/06/2013 IBH, New Delhi 995.00 2081 1 624.1762 DUI 22607 04/04/2024 19/02/2024 27/05/2013 Text Books
    Dewey Decimal Classification     B.Tech(CE) PIET C-LIBRARY PIET C-LIBRARY 01/06/2013 IBH, New Delhi 995.00 2081   624.1762 DUI 22608 04/12/2019   27/05/2013 Text Books

Design & Developed by: PIET Central Library
R70 Miles Stone Pattikalyana Samalkha Panipat 132102
mail ID :- [email protected], Phone No:- 0180-2569700 Ex.216